[Event "Lindores Abbey Final 8"]
[Site "chess24.com INT"]
[Date "2020.05.23"]
[Round "1.11"]
[White "Aronian, Levon"]
[Black "Nakamura, Hikaru"]
[Result "1-0"]
[WhiteElo "2773"]
[BlackElo "2736"]
[Annotator "Mueller,Karsten"]
[PlyCount "241"]
[EventDate "2020.05.23"]
[EventType "k.o. (rapid)"]
[EventRounds "3"]
[EventCountry "USA"]
[SourceTitle "CBM 196 Extra"]
[Source "ChessBase"]
[SourceDate "2020.07.31"]
[SourceVersion "1"]
[SourceVersionDate "2020.07.31"]
[SourceQuality "1"]

{[%evp 0,235,25,19,26,6,6,6,6,6,25,22,25,21,50,29,52,16,0,0,0,7,43,43,40,37,52,
37,40,31,23,1,31,22,29,29,28,32,36,16,33,17,76,42,26,25,33,36,66,56,83,36,36,
29,39,31,43,39,28,28,67,64,67,67,73,67,75,59,72,75,93,109,60,41,49,3,3,3,12,12,
20,9,0,0,40,37,41,-73,14,7,7,7,8,14,6,0,1,1,8,0,41,40,40,41,68,62,66,41,13,16,
16,0,0,0,6,0,31,40,37,38,40,41,43,41,111,41,41,41,112,41,40,41,112,116,114,106,
139,43,94,101,99,91,95,95,100,40,40,40,40,40,40,40,46,41,41,41,41,40,40,40,40,
40,41,40,40,41,40,40,40,40,41,40,43,44,43,44,44,43,41,41,44,43,43,43,42,41,40,
42,43,43,44,41,43,4,41,41,43,43,41,43,45,44,43,43,44,43,43,41,41,44,45,44,43,
45,41,43,40,42,42,44,44,44,44,44,44,44,43,43,527,265,51,51,50,50,817,827,827,
847]} 1. d4 Nf6 2. c4 e6 3. Nf3 d5 4. Nc3 Be7 5. Bf4 O-O 6. e3 Nbd7 7. c5 c6 8.
h3 b6 9. b4 a5 10. a3 h6 11. Bd3 Ba6 12. O-O Qc8 13. Na4 Qb7 14. Qc2 Bxd3 15.
Qxd3 Ne4 16. Rfb1 axb4 17. axb4 b5 18. Nc3 f5 19. Ne2 Bf6 20. Ne5 Ng5 21. Nxd7
Qxd7 22. Nc1 Nf7 23. Qc3 Rfe8 24. Nd3 Qb7 25. Rb3 Ra4 26. Rxa4 bxa4 27. Ra3 Qb5
28. Qc2 Ra8 29. Bc7 Bd8 30. Ba5 Bf6 31. f4 g5 32. g3 h5 33. Qxa4 Qxa4 34. Rxa4
h4 35. gxh4 gxf4 36. Nxf4 e5 37. Ng6 exd4 38. exd4 Bxd4+ 39. Kf1 Bf6 40. Ra2
Kh7 41. h5 Ng5 42. Nf4 Ne4 43. Nd3 Bd4 44. Rg2 f4 45. Nxf4 Rf8 46. Bc7 Rf7 47.
Ke2 Bc3 48. Ne6 Bxb4 49. Bd6 Bc3 50. Ng5+ Nxg5 51. Rxg5 Bb4 52. Rg4 Rb7 53. Kd3
Rb5 54. Kd4 Ba3 55. Rg6 Rb3 56. Ke5 Rxh3 57. Ke6 Rxh5 58. Rg3 Bb4 59. Kd7 d4
60. Kxc6 Rf5 61. Rd3 Bc3 62. Kd7 Bb4 63. Kc6 Bc3 64. Rg3 Bb4 65. Kb5 Be1 66.
Rh3+ Kg6 67. Kc4 Ba5 68. Kxd4 Kf7 69. Rh7+ Kf6 70. Ke4 Rf1 71. Kd5 Rd1+ 72. Kc6
Bb4 73. Rh4 Ba3 74. Rh3 Bb4 75. Rb3 Rd4 76. Kb5 Bxc5 77. Kxc5 Rd1 78. Re3 Rc1+
79. Kd5 Rd1+ 80. Kc6 Kf5 81. Rf3+ Ke4 82. Rf4+ Ke3 83. Rh4 Kf3 84. Kc5 Ke3 85.
Be5 Rd8 86. Bd6 Ra8 87. Kd5 Ra5+ 88. Bc5+ Kf3 89. Rc4 Rb5 90. Ke5 Rb8 91. Rc2
Re8+ 92. Kf5 Rc8 93. Rc3+ Ke2 94. Ke4 Re8+ 95. Kf4 Rd8 96. Rh3 Re8 97. Bd4 Kd2
98. Be5 Kc2 99. Ke4 Rd8 100. Rc3+ Kd2 101. Rb3 Rc8 102. Rh3 Kc2 103. Rh2+ Kb3
104. Rb2+ Ka3 105. Rb7 Re8 106. Kd5 Rc8 107. Bc7 Rh8 108. Bd6+ Ka2 109. Kc4
Rc8+ 110. Bc7 Rf8 111. Be5 Rc8+ 112. Kd3 Rc1 {The pawnless endgame of rook and
bishop against rook is normally drawn. However, if the defending side can set
up neither of the two standard drawing procedures, the Cochrane Defence or the
2nd rank defence, then it is often lost in practice as happened in the present
case: Das bauernlose Endspiel Turm und Läufer gegen Turm ist normalerweise
remis. Wenn der Verteidiger allerdings keine der beiden Standardremisverfahren,
die Cochrane Verteidigung oder die Verteidigung auf der 2.Reihe errichten kann,
dann wird es in der Praxis oft verloren, wie auch im vorliegenden Fall:} 113.
Rb2+ $5 Ka1 (113... Ka3 {still holds things together, e.g. hält den Laden
noch zusammen, z.B.} 114. Rb8 Ka2 115. Kd2 Rh1 116. Kc2 Ka3 117. Bc3 Rh4 $11 {
and Black has reached a version of Szen's drawing position. und Schwraz hat
eine Version von Szens Remisstellung erreicht.}) 114. Rf2+ Kb1 115. Bd4 Rd1+ (
115... Rc8 116. Rb2+ Kc1 117. Ra2 Kd1 {White has reached Philidor's winning
position and now wins in typical fashion: Weiß hat die Philidor
Gewinnstellung erreicht und gewinnt nun in typischer Weise:} 118. Rf2 Re8 119.
Bf6 Re6 120. Bc3 Rd6+ 121. Bd4 Re6 122. Rd2+ Ke1 123. Ra2 Kf1 124. Rf2+ Ke1
125. Rf5 Kd1 126. Be5 Ke1 127. Bc3+ Kd1 128. Rf1+ Re1 129. Rxe1#) 116. Kc3 Re1
$6 117. Kb3 $1 Kc1 (117... Rh1 118. Bb2 Rg1 119. Rf8 Rg3+ 120. Bc3 Rg1 121. Ra8
Kc1 122. Ra1#) 118. Bc3 Rg1 (118... Re8 119. Rf1+ (119. Kc4 $6 {is moreover
mate in 52, but in view of what we saw before would of course only be a draw
under the 50 move rule. setzt übrigens in 52 Zügen matt, wäre aber mit 50
Züge Regel aufgrund der Vorgeschichte natürlich nur remis.}) 119... Re1 120.
Rxe1#) (118... Rd1 119. Ra2 Kb1 120. Ra1#) 119. Ra2 Kd1 120. Ra1+ Ke2 121. Rxg1
$18 1-0

[Event "Chessable Masters GpA"]
[Site "chess24.com INT"]
[Date "2020.06.22"]
[Round "10"]
[White "Nakamura, Hikaru"]
[Black "Dubov, Daniil"]
[Result "1-0"]
[WhiteElo "2736"]
[BlackElo "2699"]
[Annotator "Edouard,R"]
[PlyCount "53"]
[EventDate "2020.06.20"]
[EventType "tourn (rapid)"]
[EventRounds "10"]
[EventCountry "GER"]
[EventCategory "21"]
[SourceTitle "CBM 197"]
[Source "ChessBase"]
[SourceDate "2020.07.27"]
[SourceVersion "1"]
[SourceVersionDate "2020.07.27"]
[SourceQuality "1"]

{[%evp 0,53,27,31,70,70,70,56,124,91,91,108,99,91,137,94,69,43,76,41,32,-52,18,
14,14,-8,-10,-46,43,-75,4,-25,9,-38,68,14,94,94,94,94,188,106,202,165,165,165,
222,222,490,437,646,646,709,709,749,737]} 1. e4 c5 2. Nf3 Nc6 3. Nc3 g6 4. d4
cxd4 5. Nxd4 Bg7 6. Be3 Nf6 7. Bc4 O-O 8. Bb3 Re8 $5 {A new tendency in the
Accelerated Dragon, and already played several times by Dubov. The rook on e6
is particularily useful against the most aggressive move 9.f3, while other
moves - besides 9.f4 - aren't supposed to be too dangerous for Black.} 9. f4 $5
(9. Nxc6 dxc6 10. h3 Qc7 11. f4 {Here Dubov played two different moves in the
same online event!} Rd8 $5 (11... b5 12. e5 b4 13. Na4 Nd5 14. Qf3 Nxe3 15.
Qxe3 $36 {0-1 (44) Nakamura,H (2736)-Dubov,D (2699) chess24.com 2020}) 12. Qf3
c5 13. e5 c4 14. exf6 (14. Ba4 $5) 14... Bxf6 15. Ba4 Qa5 16. O-O Bxc3 17. bxc3
Qxa4 18. Bd4 $44 {½-½ (39) Nakamura,H (2736)-Dubov,D (2699) chess24.com 2020}
) (9. h3 d6 10. Qd2 Bd7 11. O-O Na5 12. Bh6 Rc8 13. Bxg7 Kxg7 14. Rad1 Qb6 $11
{½-½ (45) Nakamura,H (2736)-Dubov,D (2699) chess24.com 2020}) (9. f3 d5 $5 (
9... e6 $5 {is playable as well. Amonsgt the specialists, GM Mamedrov!}) 10.
exd5 (10. Bxd5 Nxd5 11. Nxd5 Be6 12. c4 Rc8 13. O-O Nxd4 14. Bxd4 Rxc4 $11 {
½-½ (26) Navara,D (2737)-Dubov,D (2701) Batumi 2018}) 10... Nb4 11. Nde2 e6 {
and this is the start of main theory. Dubov himself has played this position
several times.}) (9. O-O d6 10. h3 Bd7 (10... Na5 $5) 11. f4 Nxd4 $6 {This
looks too slow to me.} 12. Bxd4 Bc6 13. e5 $1 dxe5 $6 14. fxe5 Nd5 15. Qf3 $16
{½-½ (94) Nakamura,H (2786)-Carlsen,M (2832) chess.com 2018}) 9... d6 10. Qf3
Bd7 11. O-O Ng4 $5 $146 (11... Nxd4 12. Bxd4 Bc6 13. f5 $14 {½-½ (43)
Grischuk,A (2777)-Dubov,D (2699) chess24.com 2020}) 12. Nxc6 bxc6 13. Bd2 d5 $5
{Surely Dubov's idea! If Black plays a passive move, White will play h3 and
simply enjoy a slightly better positon.} 14. f5 $1 {A major attempt at trying
to refute Black's system.} (14. exd5 cxd5 15. Bxd5 Qb6+ 16. Kh1 Rad8 {is just
good for Black.}) 14... Ne5 15. Qf2 e6 (15... Ng4 16. Qg3 $16) 16. f6 Ng4 $2 (
16... Bf8 {was necessary, but obviously White's position is preferable!}) 17.
Qf3 $1 Qxf6 $2 (17... Nxf6 18. e5 $16) 18. Qxg4 Qd4+ 19. Rf2 {The game is
basically over.} f5 20. Qf3 $5 fxe4 21. Qf7+ Kh8 22. Qxd7 Rad8 (22... e3 23.
Bxe3 Qxe3 24. Raf1 $18) 23. Qxc6 Rf8 (23... e3 24. Bxe3 Qxe3 25. Raf1 Rf8 26.
Nd1 $18) 24. Be1 Qe3 25. Qxe6 Bd4 26. Nxd5 Qe2 27. Qe5+ $1 {Cute finish.} 1-0

[Event "Titled Tuesday intern op 23rd June"]
[Site "Chess.com INT"]
[Date "2020.06.23"]
[Round "9"]
[White "Nakamura, Hikaru"]
[Black "Drygalov, Andrey"]
[Result "1-0"]
[WhiteElo "2736"]
[BlackElo "2495"]
[PlyCount "137"]
[EventDate "2020.06.23"]
[EventType "swiss (blitz)"]
[EventRounds "10"]
[EventCountry "USA"]
[SourceTitle "CBM 197 Extra"]
[Source "ChessBase"]
[SourceDate "2020.09.30"]
[SourceVersion "1"]
[SourceVersionDate "2020.09.30"]
[SourceQuality "1"]

1. e4 c5 2. Nf3 d6 3. Bb5+ Nd7 4. Ba4 Ngf6 5. O-O g6 6. Re1 Bg7 7. c3 O-O 8. d4
e5 9. dxe5 Nxe5 10. Nxe5 dxe5 11. Qe2 Be6 12. c4 a6 13. Nc3 Ne8 14. Be3 Qc7 15.
Rad1 Nd6 16. Nd5 Bxd5 17. Rxd5 Nxe4 18. f3 Nf6 19. Rxc5 Qd6 20. Bf2 Nh5 21. g3
e4 22. fxe4 Bd4 23. Rd5 Bxf2+ 24. Qxf2 Qb4 25. Bb3 Nf6 26. Rd3 Ng4 27. Qd2 Qc5+
28. Kg2 Ne5 29. Rd5 Qc7 30. c5 Rfe8 31. Qf4 Re7 32. Red1 Rf8 33. h4 h5 34. Qg5
Kg7 35. Rf1 Ng4 36. Bd1 f6 37. Qd2 Ne5 38. b4 Qc6 39. Bb3 Ng4 40. Rf4 Rfe8 41.
Qd4 Kh6 42. a4 f5 43. Bd1 Nf6 44. Rd6 Rxe4 45. Rxc6 Rxd4 46. Rxd4 bxc6 47. Rd6
Nd5 48. Bb3 Nxb4 49. Bf7 Re2+ 50. Kf3 Rc2 51. Bxg6 Rxc5 52. Bxf5+ Kg7 53. Be4
Rc4 54. Kf4 Nd5+ 55. Ke5 Nc3 56. Rd7+ Kf8 57. Bg6 Nd5 58. Bxh5 Rc3 59. Rf7+ Kg8
60. Rf3 Rxf3 61. Bxf3 Nb6 62. Bxc6 Nc4+ 63. Kf6 Ne3 64. Bd7 Kh7 65. g4 Nd5+ 66.
Kf7 Nb6 67. Bf5+ Kh8 68. g5 Nxa4 69. g6 1-0

[Event "Titled Tuesday intern op 30th June"]
[Site "Chess.com INT"]
[Date "2020.06.30"]
[Round "9"]
[White "Nakamura, Hikaru"]
[Black "Fedoseev, Vladimir1"]
[Result "1-0"]
[WhiteElo "2736"]
[BlackElo "2678"]
[PlyCount "65"]
[EventDate "2020.06.30"]
[EventType "swiss (blitz)"]
[EventRounds "10"]
[EventCountry "USA"]
[SourceTitle "CBM 197 Extra"]
[Source "ChessBase"]
[SourceDate "2020.09.30"]
[SourceVersion "1"]
[SourceVersionDate "2020.09.30"]
[SourceQuality "1"]

1. e4 c5 2. Nf3 d6 3. Bb5+ Nd7 4. Ba4 Ngf6 5. O-O g6 6. Re1 Bg7 7. c3 O-O 8. d4
e5 9. dxe5 Nxe5 10. Nxe5 dxe5 11. Qe2 a6 12. c4 Nh5 13. g3 f5 14. Rd1 Qf6 15.
exf5 Bxf5 16. Nc3 Qe6 17. Bd7 Qf7 18. Bxf5 gxf5 19. Nd5 f4 20. Bd2 Kh8 21. Bc3
Rae8 22. Kh1 e4 23. Bxg7+ Kxg7 24. g4 f3 25. Qe3 Nf6 26. Qxc5 Nxg4 27. Rg1 Qh5
28. Rxg4+ Qxg4 29. Rg1 h5 30. Ne3 Qxg1+ 31. Kxg1 Kh6 32. Qd6+ Kg5 33. h4+ 1-0

[Event "Titled Tuesday intern op 8th Sept"]
[Site "Chess.com INT"]
[Date "2020.09.08"]
[Round "5"]
[White "Jobava, Baadur"]
[Black "Nakamura, Hikaru"]
[Result "1-0"]
[WhiteElo "2603"]
[BlackElo "2736"]
[PlyCount "97"]
[EventDate "2020.09.08"]
[EventType "swiss (blitz)"]
[EventRounds "10"]
[EventCountry "USA"]
[SourceTitle "EXT 2021"]
[Source "ChessBase"]
[SourceDate "2020.10.23"]
[SourceVersion "1"]
[SourceVersionDate "2020.10.23"]
[SourceQuality "1"]

1. d4 Nf6 2. c4 e6 3. Nc3 Bb4 4. e3 O-O 5. Nge2 c6 6. a3 Ba5 7. b4 Bc7 8. e4 d6
9. Ng3 e5 10. d5 a5 11. Rb1 axb4 12. axb4 Bb6 13. Be2 Bd4 14. Bd2 g6 15. O-O h5
16. Bf3 cxd5 17. exd5 Nh7 18. Nb5 Bb6 19. Ne4 Bc7 20. Nxc7 Qxc7 21. c5 dxc5 22.
bxc5 f5 23. Nd6 e4 24. Be2 Nd7 25. Nb5 Qxc5 26. Bb4 Qb6 27. Bxf8 Ndxf8 28. d6
Qc5 29. Qd4 Qxd4 30. Nxd4 Nf6 31. Rfc1 Ne8 32. Nb5 Rb8 33. h4 Bd7 34. Rd1 Rc8
35. Na7 Rb8 36. Bb5 Kf7 37. Nc6 Bxc6 38. Bxc6 Nf6 39. Rxb7+ Rxb7 40. Bxb7 Ke6
41. Ba6 N6d7 42. Bc4+ Kf6 43. g3 Ke5 44. Kf1 Ne6 45. Bxe6 Kxe6 46. Ke2 Ne5 47.
Ke3 Nd3 48. f3 Nb2 49. Rd4 1-0

[Event "Titled Tuesday intern op 22nd Sept"]
[Site "Chess.com INT"]
[Date "2020.09.22"]
[Round "9"]
[White "Nakamura, Hikaru"]
[Black "Fedoseev, Vladimir1"]
[Result "1-0"]
[WhiteElo "2736"]
[BlackElo "2678"]
[PlyCount "107"]
[EventDate "2020.09.22"]
[EventType "swiss (blitz)"]
[EventRounds "10"]
[EventCountry "USA"]
[SourceTitle "EXT 2021"]
[Source "ChessBase"]
[SourceDate "2020.10.23"]
[SourceVersion "1"]
[SourceVersionDate "2020.10.23"]
[SourceQuality "1"]

1. e4 c5 2. Nf3 d6 3. Bb5+ Nd7 4. Ba4 g6 5. O-O Bg7 6. c3 Ngf6 7. Re1 O-O 8. d4
e5 9. dxe5 Nxe5 10. Nxe5 dxe5 11. c4 Be6 12. Qe2 Qa5 13. Nc3 Rfd8 14. Bc2 a6
15. Nd5 Nxd5 16. cxd5 Bd7 17. Bd2 Qc7 18. Red1 b5 19. Rac1 Rac8 20. b3 f6 21.
Bd3 Bf8 22. Be3 Qa5 23. Rc2 Rc7 24. Rdc1 Rdc8 25. f4 Bd6 26. fxe5 Bxe5 27. Qf2
c4 28. bxc4 Qa3 29. Bf1 bxc4 30. Rxc4 Rxc4 31. Rxc4 Rb8 32. Bd4 Rb1 33. Bxe5
fxe5 34. h3 Qf8 35. a4 Ra1 36. Qxf8+ Kxf8 37. Kf2 Bxa4 38. Rc8+ Ke7 39. Bxa6
Bd7 40. Ra8 Kd6 41. Bb7 Rxa8 42. Bxa8 Kc7 43. Kf3 h6 44. Ke3 Bb5 45. g3 Bf1 46.
h4 Bb5 47. Kd2 Kb8 48. Bc6 Bxc6 49. dxc6 Kc7 50. Kc3 Kxc6 51. Kb4 Kb6 52. Kc4
Kc6 53. g4 Kd6 54. Kb5 1-0

[Event "Titled Tuesday intern op 22nd Sept f"]
[Site "Chess.com INT"]
[Date "2020.09.22"]
[Round "2.2"]
[White "Nakamura, Hikaru"]
[Black "Fedoseev, Vladimir1"]
[Result "0-1"]
[WhiteElo "2736"]
[BlackElo "2678"]
[PlyCount "112"]
[EventDate "2020.09.22"]
[EventType "k.o. (blitz)"]
[EventRounds "3"]
[EventCountry "USA"]
[SourceTitle "EXT 2021"]
[Source "ChessBase"]
[SourceDate "2020.10.23"]
[SourceVersion "1"]
[SourceVersionDate "2020.10.23"]
[SourceQuality "1"]

1. e4 c5 2. Nf3 d6 3. Bb5+ Nd7 4. Ba4 Ngf6 5. O-O a6 6. c4 Nxe4 7. Re1 Nef6 8.
d4 cxd4 9. Nxd4 g6 10. Nf3 Qc7 11. Nc3 e6 12. Bg5 Be7 13. Bxf6 Bxf6 14. Nd5 Qd8
15. Nxf6+ Qxf6 16. Qxd6 Qe7 17. Qc7 Qb4 18. Bxd7+ Bxd7 19. Ne5 Qe7 20. Rad1 Ba4
21. Qxe7+ Kxe7 22. b3 Be8 23. f4 Rc8 24. Kf2 f6 25. Nf3 Bd7 26. g4 b5 27. cxb5
axb5 28. Rd2 Rc5 29. g5 fxg5 30. Nxg5 Rf8 31. Ke3 e5 32. Nf3 Rxf4 33. Red1 Bc6
34. Ng1 Rc3+ 35. Ke2 b4 36. Ke1 Bb5 37. Rd5 Rf1+ 38. Kd2 Rxd1+ 39. Kxd1 Rd3+
40. Rxd3 Bxd3 41. Nf3 Kd6 42. Ng5 h5 43. Kd2 Bf5 44. h4 Kd5 45. Kc1 e4 46. Nf7
e3 47. Kd1 Bb1 48. Ke2 Bxa2 49. Nh8 Bxb3 50. Kxe3 Bc2 51. Kd2 Bf5 52. Nf7 Ke4
53. Nd8 Kf4 54. Nc6 b3 55. Kc3 Bc2 56. Ne7 Kg4 0-1

[Event "Titled Tuesday intern op 29th Sept"]
[Site "chess.com INT"]
[Date "2020.09.29"]
[Round "9"]
[White "Nakamura, Hikaru"]
[Black "Nepomniachtchi, Ian"]
[Result "1/2-1/2"]
[WhiteElo "2736"]
[BlackElo "2784"]
[PlyCount "143"]
[EventDate "2020.09.29"]
[EventType "swiss (blitz)"]
[EventRounds "10"]
[EventCountry "USA"]
[SourceTitle "EXT 2021"]
[Source "ChessBase"]
[SourceDate "2020.10.23"]
[SourceVersion "1"]
[SourceVersionDate "2020.10.23"]
[SourceQuality "1"]

1. e4 c5 2. Nf3 d6 3. Bb5+ Nd7 4. Ba4 Ngf6 5. d3 g6 6. O-O Bg7 7. c3 O-O 8. Re1
a6 9. d4 b5 10. Bc2 Bb7 11. Nbd2 Rc8 12. Nf1 cxd4 13. cxd4 Qc7 14. Bd3 e5 15.
d5 Nc5 16. Bc2 Nh5 17. Be3 Nf4 18. Rc1 Qe7 19. g3 Nh5 20. b4 Nd7 21. Nh4 Nhf6
22. Bd3 Qd8 23. Qe2 Nb6 24. Rxc8 Bxc8 25. Rc1 Bd7 26. f3 Qb8 27. Qf2 Na4 28.
Ng2 Rc8 29. Qd2 Bf8 30. Rxc8 Qxc8 31. Qc2 Be7 32. Qxc8+ Bxc8 33. Nd2 Bd8 34.
Nb3 Nd7 35. Ne1 Nc3 36. a3 Nb6 37. Na5 Nd1 38. Bh6 Bd7 39. Nc6 Bc7 40. Ne7+ Kh8
41. f4 Nb2 42. f5 Bd8 43. f6 Bxe7 44. fxe7 Nc8 45. Be2 Nxe7 46. Bg5 Nc8 47.
Bf6+ Kg8 48. Nc2 Nb6 49. Ne3 Kf8 50. g4 N2a4 51. Kf2 Nc3 52. Bd3 Nca4 53. g5
Nb2 54. Be2 Ke8 55. Ke1 N2c4 56. Nxc4 Nxc4 57. Bxc4 bxc4 58. Kd2 Bh3 59. Kc3
Bf1 60. a4 Kd7 61. h4 Bg2 62. Kxc4 Bxe4 63. Bg7 Bc2 64. b5 axb5+ 65. axb5 Bd1
66. Bf8 Be2+ 67. Kb4 Bf3 68. Kc4 Be2+ 69. Kb4 Kc7 70. b6+ Kxb6 71. Bxd6 e4 72.
Bf4 1/2-1/2

[Event "Speed Chess Super Swiss KO"]
[Site "chess.com INT"]
[Date "2020.10.04"]
[Round "4.2"]
[White "Fedoseev, Vladimir1"]
[Black "Nakamura, Hikaru"]
[Result "0-1"]
[WhiteElo "2678"]
[BlackElo "2736"]
[PlyCount "108"]
[EventDate "2020.10.04"]
[EventType "k.o. (blitz)"]
[EventRounds "4"]
[EventCountry "USA"]
[SourceTitle "EXT 2021"]
[Source "ChessBase"]
[SourceDate "2020.10.23"]
[SourceVersion "1"]
[SourceVersionDate "2020.10.23"]
[SourceQuality "1"]

1. e4 c5 2. Nf3 d6 3. d4 cxd4 4. Nxd4 Nf6 5. Nc3 a6 6. Rg1 g6 7. g4 Bg7 8. g5
Nfd7 9. Be3 b5 10. h4 Bb7 11. h5 Nc6 12. h6 Bxd4 13. Bxd4 O-O 14. Be2 Rc8 15.
a3 Nb6 16. Bxb6 Qxb6 17. Nd5 Qd8 18. f4 e5 19. c3 exf4 20. Qd2 f3 21. Bxf3 Ne5
22. Be2 Bxd5 23. Qxd5 Qb6 24. Rg3 Kh8 25. Rd1 Rcd8 26. Qd4 Qc7 27. Rf3 f5 28.
exf5 gxf5 29. Kf2 Qe7 30. Rg1 f4 31. Bd3 Rg8 32. Rxf4 Rxg5 33. Rh1 Rf8 34. Rhh4
Rfg8 35. Be4 Rg3 36. Ke2 Qg5 37. Kd1 Qe7 38. Kc2 Rc8 39. Kb1 Rcg8 40. Bd5 Rd3
41. Qe4 Re8 42. Rhg4 Rd1+ 43. Kc2 Rxd5 44. Rg7 Rd2+ 45. Kb1 Rd1+ 46. Kc2 Rd2+
47. Kxd2 Nc4+ 48. Kd3 Nxb2+ 49. Kd4 Qe5+ 50. Ke3 Qxc3+ 51. Kf2 Nd3+ 52. Kg2
Nxf4+ 53. Qxf4 Re2+ 54. Kf1 Qe1# 0-1